Loading...

NATURE ENVIRONMENT & POLLUTION TECHNOLOGY

Bibliografiske detaljer
Format: Periodical
Udgivet: MAHARASHTRA TECNOSCIENCE PUBLICATIONS 2013
LEADER 00317nam a2200097 4500
022 |a 0972-6268 
245 |a NATURE ENVIRONMENT & POLLUTION TECHNOLOGY 
260 |a MAHARASHTRA  |b TECNOSCIENCE PUBLICATIONS  |c 2013 
942 |c PR  |s 1 
999 |c 52130  |d 52130 
952 |0 0  |1 0  |4 0  |7 0  |9 83132  |a MGUL  |b MGUL  |c PERD  |d 2016-08-20  |l 0  |r 2016-08-20  |w 2016-08-20  |y PR